| 000 | 00750nam a22002297a 4500 | ||
|---|---|---|---|
| 005 | 20170713114606.0 | ||
| 010 | _aENG-119165 | ||
| 020 |
_a9788175417861 _c1400.00 |
||
| 035 | _aEN-102697 | ||
| 037 | _bDBAD/PUB | ||
| 082 | _a303.48254058 | ||
| 245 |
_aIndia and central Asia : _cedited byRajiv K. Bhatia...[et ...al] _bexploring new horizons for cooperation / |
||
| 260 |
_aDelhi _bShipra Publications _c2014 |
||
| 270 |
_aLG-18-19,Pankaj Central Market,I.P.Ext. Patparganj _bDelhi _e110092 |
||
| 300 |
_axxxvii,384p. _c23cm(Hb) |
||
| 500 | _aIncludes index | ||
| 700 | _aBhatia,Rajiv K. | ||
| 700 | _aAbusseitova,Meruyert | ||
| 700 | _aYereesheva,Laura | ||
| 700 | _aAthar Zafar | ||
| 942 |
_2ddc _cEN _h303.48254058 _mIND |
||
| 999 |
_c142508 _d142508 |
||